000 02398nam a2200265Ia 4500
005 20240903144201.0
008 220328t2017||||xx |||||||||||||| ||spa||
020 _a978-9929-738-43-0
040 _aODONTO
_bspa
_cODONTO
_dODONTO
041 _aspa
082 _a617.6
_bC833
100 1 _aCorzo Marroquín, Diana Annabella
_91103
245 0 _aProtocolo de atención odontológica de pacientes con trastornos sistémicos y estados especiales /
_cDiana Anabella Corzo Marroquín. --
260 _aGuatemala
_bUSAC / Facultad de Odontología
_c2017
300 _a 621 p. :
_b il. ;
_c28 cm.
500 _a Contiene CD
504 _6 Incluye glosario y referencia capitular
505 _8Capítulo 1 Evaluación clínica -- Capítulo 2 Antibioterápia profiláctica -- Capítulo 3 Manejo del estrés en la clínica dental -- Capítulo 4 Algunos aspectos sobre la responsabilidad legal en el ejercicio profesional de la Odontología -- Capítulo 5 Manejo del paciente con trastornos cardiovasculares -- Capítulo 6 Manejo del paciente con trastornos endocrinos -- Capítulo 7 Manejo del paciente con trastornos del sistema urinario -- Capítulo 8 Manejo del paciente con trastornos alérgicos -- Capítulo 9 Manejo del paciente con trastornos hepáticos -- Capítulo 10 Manejo del paciente con trastornos hematológicos (discrasias sanguíneas) -- Capítulo 11 Manejo del paciente con trastornos de la hemostasia (diátesis hemorrágicas) -- Capítulo 12 Manejo del paciente con trastornos del sistema respiratorio -- Capítulo 13 Manejo del paciente con trastornos del sistema digestivo -- Capítulo 14 Manejo del paciente con trastornos osteoarticulares -- Capítulo 15 Manejo del paciente con trastornos neurológicos --Capítulo 16 Manejo del paciente con infecciones de transmisión sexual (ITS) -- Capítulo 17 Manejo del paciente con estados especiales -- Capítulo 18 Signos, síntomas y glosario. -- Anexos: Guía para el registro de la historia médica anterior (HMA) en la ficha clínica de la FOUSAC; Nombre de algunas intervenciones quirúrgicas; Terapia alternativa y complementaria, efectos colaterales y su relación con los tratamientos dentales.
650 0 2 _a Protocolos clínicos
_91191
650 0 2 _a Odontología de urgencias
_91192
650 0 2 _aMedicina
_x Tratamiento Complicaciones
_91193
650 0 2 _a Medicina clínica
_9514
942 _2ddc
_cBK
_n0
999 _c372
_d372